History Quiz

Random History or Quote Quiz

'Don't Quote Me On That!' Quiz Stats

 Plays Quiz Updated Jul 5, 2017

Score 0/15 Timer 07:00
0 Plays Today
% Correct
[casually.]
SERIOUSLY.
87.4%
[everything.]
NOTHING.
85.3%
[annoying.]
UGLY.
78.1%
[pleases]
ANNOYS
75.3%
[leadership]
PERFECTION
71.3%
[don't.]
DO.
67.4%
[famous,]
SOMEBODY,
60.6%
[distribute]
DISTORT
56.7%
% Correct
[good]
BAD
54.5%
[crazy]
SANE
52.9%
[care,]
MIND,
47.9%
[friends,]
ENEMIES,
47.4%
[life]
DAY
43.5%
[luck]
PLAY
32.6%
[worst]
SECOND-
BEST
26%

You're not logged in!

Compare scores with friends on all Sporcle quizzes.
OR
Log In

Sporcle TV

Today on Sporcle TV


Watch our educational content, quiz creation guides, and fun videos on Sporcle TV.

Show Comments

Extras

Top Quizzes Today


Score Distribution

Your Account Isn't Verified!

In order to create a playlist on Sporcle, you need to verify the email address you used during registration. Go to your Sporcle Settings to finish the process.

Report this User

Report this user for behavior that violates our Community Guidelines.

Details: